دراسات فى الفلسفة الحديثة

Bibliographic Details
Main Author: زقزوق، محمود حمدى (Author)
Format: Book
Published: Cairo : Dar al-Tiba`at al-Muhammadiyyah , 1988
Subjects:

MARC

LEADER 00000cam a2200000 7i4500
001 0000005610
005 20160411093000.0
090 0 0 |a B798   |b .Z3 1988 
100 1 |a زقزوق، محمود حمدى ,   |e author 
241 0 0 |a Dirasat fi al-falsafah al-hadithah 
245 1 0 |a دراسات فى الفلسفة الحديثة   |c محمود حمدي زقزوق 
260 2 |a Cairo :   |b Dar al-Tiba`at al-Muhammadiyyah ,   |c 1988 
300 |a 302 p . ;   |c 24 cm. 
650 0 |a Philosophy, Modern 
999 |a 1000013106   |b Book   |c OPEN SHELF (30 DAYS)   |e Gong Badak Campus